000
00323nam a2200145Ia 4500
100
_a
Turley/James L
942
_c
BK
654
_a
80386 programming
245
_a
Advanced 80386 programming techniques
260
_b
Osborne McGraw Hill
_c
1988
082
_a
5.2
_b
TUR
300
_a
496
546
_a
ENGLISH
999
_c
21615
_d
21615